Obálka Náhled e-knihy:
Epub
Pro půjčování e-knih musíte být přihlášeni.
Jak si půjčit online?

Naučte se správně dýchat /

Autor v knize představuje svou metodu dýchání, která je podepřena vědeckými výzkumy. Věnuje se podstatě dýchání, propojení dýchání a nervové soustavy, pohybu v souladu s dýcháním, kyslíku, emocím a duševnímu zdraví, volnému dýchání či práci s dechem.

Uloženo v:
Hlavní autor: Cam, Yvan (Autor)
Další autoři: Štáblová, Kateřina, 1977- (Autor)
Médium: E-kniha
Jazyk:Czech
Vydáno: V Brně : Jota, 2022
Vydání:Vydání první
Témata:
Tagy:
Žádné tagy
LEADER 02419cam a2200529 i 4500
001 311775
003 CZ PrSKC
005 20260601215711.0
007 ta
008 221125s2022 xr e f 000 0 cze d
015 |a cnb003473661 
020 |a 9788076890367  |q (brožováno) 
035 |a (OCoLC)1372329727 
040 |a OSA001  |b cze  |d BOA001  |e rda 
041 1 |a cze  |h fre 
072 7 |a 615.8  |x Fyzioterapie. Psychoterapie. Alternativní lékařství  |2 Konspekt 
080 |a 612.2  |2 MRF 
080 |a 614  |2 MRF 
080 |a 615.8  |2 MRF 
080 |a 615.825:612.21  |2 MRF 
080 |a (0.062)  |2 MRF 
100 1 |a Cam, Yvan  |7 xx0279226  |4 aut 
240 1 0 |a Maîtrise du souffle.  |l Česky 
245 1 0 |a Naučte se správně dýchat /  |c Yvan Cam ; z francouzského originálu La maîtrise du souffle ... přeložila Kateřina Štáblová 
250 |a Vydání první 
264 1 |a V Brně :  |b Jota,  |c 2022 
300 |a 214 stran ;  |c 21 cm 
336 |a text  |b txt  |2 rdacontent 
337 |a bez média  |b n  |2 rdamedia 
338 |a svazek  |b nc  |2 rdacarrier 
500 |a Obálkový podnázev: metoda dýchání založená na vědeckých poznatcích 
504 |a Obsahuje bibliografii 
520 2 |a Autor v knize představuje svou metodu dýchání, která je podepřena vědeckými výzkumy. Věnuje se podstatě dýchání, propojení dýchání a nervové soustavy, pohybu v souladu s dýcháním, kyslíku, emocím a duševnímu zdraví, volnému dýchání či práci s dechem. 
650 0 7 |a dýchání  |7 ph119767  |x zdravotní aspekty  |2 czenas 
650 0 7 |a dýchání  |7 ph119767  |x terapeutické účinky  |2 czenas 
650 0 7 |a dechová cvičení  |7 ph234827  |2 czenas 
650 0 9 |a respiration  |x health aspects  |2 eczenas 
650 0 9 |a respiration  |x therapeutic aspects  |2 eczenas 
650 0 9 |a breathing exercises  |2 eczenas 
655 7 |a populárně-naučné publikace  |7 fd131864  |2 czenas 
655 9 |a popular works  |2 eczenas 
700 1 |a Štáblová, Kateřina,  |d 1977-  |7 xx0238482  |4 trl 
900 |a ABA001  |b 20 
044 |a xr 
910 |a RBIT002 
998 |d 364641  |a https://core.palmknihy.cz/api/books/364641/cover?rluhxh  |b https://core.palmknihy.cz/api/books/364641/cover/400?rluhxh  |c https://core.palmknihy.cz/api/books/364641/cover/50?rluhxh  |e 2028-01-03  |g 215  |i 9788076890367  |j https://core.palmknihy.cz/api/books/364641/preview.epub  |l   |q 49  |r 1  |s https://www.palmknihy.cz/kniha/364641  |t ebook  |y 2022  |z 0 
999 |d 311773